000 00478nam a2200181Ia 4500
001 2083
005 20260306143816.0
008 260306t2025||||xx |||||||||||||| ||spa||
041 _aESP
082 _a612.8
_bV21
100 _aValencia Vásquez, Jessica,
_eAUT
245 0 _aGuía de práctica de neurofisiología :
_bEscuela Profesional de Psicología
260 _c2025
300 _a163 páginas :
_c30 cm.
650 _aGEN
654 _aCCS
942 _cLIB
_dJUS
_fJUS
_2ddc
_n
999 _c2083
_d2083